Binnenmarkt '92 1000 Chancen - 1000 Risiken. Arbeitsbuch für Schule und Erwachsenenbildung

Enregistré dans:
Détails bibliographiques
Auteur principal: Renner, Günter
Format: Livre
Langue:allemand
Publié: Bühl Konkordia 1990
Édition:1. Aufl.
Sujets:
Tags: Ajouter un tag
Pas de tags, Soyez le premier à ajouter un tag!

MARC

LEADER 00000nam a2200000 4500
001 c003875
005 20221206122324.3
020 |a 3-7826-4050-0 
041 0 |a ger 
044 |a DE 
245 1 0 |a Binnenmarkt '92  |b 1000 Chancen - 1000 Risiken. Arbeitsbuch für Schule und Erwachsenenbildung  |c Günter Renner 
250 |a 1. Aufl. 
264 1 |a Bühl  |b Konkordia  |c 1990 
300 |a 167 s. 
610 2 0 |a trh vnútorný 
610 2 0 |a 1992 
610 2 0 |a riziko 
610 2 0 |a pomôcky pracovné 
610 2 0 |a školy 
610 2 0 |a vzdelávanie 
100 1 |a Renner, Günter